Messebauer mit Spezial-Kenntnissen des Marketing gefragt.

Veľtrh viac miesto komunikácie ako výmeny tovarov. Komunikácia ako špecifická sociálna interakcia. Trend vývoja veľtrhov od prezentácie produktov ku komunikácii a riešeniu problémov. Požiadavky na tvorbu veľtržných a výstavných priestorov. Potreba znalostí z marketingu a komunikácie.

Saved in:
Bibliographic Details
Main Author: Adler, Eva
Format: Book Chapter
Language:German
Subjects:
Tags: Add Tag
No Tags, Be the first to tag this record!

MARC

LEADER 00000naa a2200000 4500
001 r012629
005 20220826093710.4
041 0 |a ger 
044 |a DE 
245 1 0 |a Messebauer mit Spezial-Kenntnissen des Marketing gefragt.  |c Eva Adler 
520 |a Veľtrh viac miesto komunikácie ako výmeny tovarov. Komunikácia ako špecifická sociálna interakcia. Trend vývoja veľtrhov od prezentácie produktov ku komunikácii a riešeniu problémov. Požiadavky na tvorbu veľtržných a výstavných priestorov. Potreba znalostí z marketingu a komunikácie. 
610 2 0 |a veľtrhy 
610 2 0 |a komunikácia 
610 2 0 |a marketing 
610 2 0 |a priestor pracovný 
100 1 |a Adler, Eva